|
|
|
|
| LEADER |
01586njm a2200361 a 4500 |
| 001 |
000745863 |
| 003 |
CZ BrMZK |
| 005 |
20041102070337.0 |
| 007 |
ss lsnjlcmpnze |
| 008 |
040920s2000 xr ppnne d cze d |
| 028 |
0 |
0 |
|a 0927-47297-4
|b Warner Music
|
| 040 |
|
|
|a BOA001
|b cze
|
| 041 |
0 |
|
|d cze
|
| 048 |
|
|
|b vu
|a od
|
| 080 |
|
|
|a 784.4
|2 MRF
|
| 080 |
|
|
|a 785.16
|2 MRF
|
| 080 |
|
|
|a (086.7)
|2 MRF
|
| 100 |
1 |
|
|a Hložek, Stanislav,
|d 1954-
|7 jn20000400970
|4 sng
|
| 245 |
1 |
0 |
|a Ej lásko, lásko
|h [zvukový záznam]
|
| 260 |
|
|
|a Praha :
|b Warner Music ,
|c p2000
|
| 300 |
|
|
|a 1 zvuková kazeta (38:20) :
|b analog, Dolby HX-Pro +
|e 1 leták (10 x 39 cm)
|
| 306 |
|
|
|a 003820
|
| 500 |
|
|
|a Název z obalu
|
| 500 |
|
|
|a Texty písní v brožuře
|
| 505 |
0 |
0 |
|t Jede šohaj z Vídňa --
|t Až jednou červánky --
|t Když jsem k vám chodíval --
|t Oz záhora mutná voda --
|t Když se ten Talinskej rybník nahání --
|t Padá padá rosenka --
|t Když sem šel z Hradišťa --
|t Pod tým naším okénečkem --
|t Prší, prší --
|t Široký hluboký --
|t Teče voda teče --
|t Keď sem išel z rána --
|t Vínečko bílé --
|t Ej lásko, lásko
|
| 511 |
0 |
|
|a Zpívá Standa Hložek
|
| 518 |
|
|
|a Nahráno ve studiu Balance, únor až květen 2002
|
| 530 |
|
|
|a Vydáno také na kompaktní desce s objednacím číslem 0927-47297-2
|
| 650 |
0 |
7 |
|a populární písně
|7 ph124354
|y 2001-2010
|2 czenas
|
| 655 |
|
7 |
|a zvukové kazety
|7 fd186720
|2 czenas
|
| 910 |
|
|
|a BOA001
|b KZ-0011.789
|
| 990 |
|
|
|a AV
|
| 996 |
6 |
|
|b 261H012951
|c KZ-0011.789
|l MZK
|r Sklad / do 24 hodin
|n 0
|w 000745863
|u 000010
|a 1
|e BOA001
|j MZK50
|s P
|